000 00737cam a22002294a 4500
001 13049132
005 20180307071118.0
008 030106s2003 waua 001 0 eng
010 _a 2003041290
020 _a0735619093
040 _aDLC
_cDLC
_dDLC
041 _aeng
042 _apcc
080 _a005.2768 SHAR
082 0 0 _a005.2768 SHAR
_221
100 1 _a28
101 _aSHK
245 1 0 _aMicrosoft Visual C# .NET step by step :
_cJohn Sharp, Jon Jagger.
906 _a7
_bcbc
_corignew
_d1
_eocip
_f20
_gy-gencatlg
942 _2ddc
_cBK
999 _c44292
_d44292